01018nam a2200241 a 450000100100000000500170001000800410002704000250006808200160009310000410010924000240015024500850017426000510025930000210031049000180033150000420034950400720039159000750046383000250053804900090056395201870057299900170075900003312520240502103719.0110817s1972 sp 000 0 spa d aDO-SdBNPbspacBNPHU axxxxbD486R1 aDeutscher, Isaac, d1907-196796125210aRussia after Stalin10aRusia después de Stalin. /cIsaac Deutscher ; tradución de M. A. González. aBarcelona :bEdiciones Martínez Roca,c1972. a173 p. ;c20 cm.1 aNovocursov28 aIncluye datos biográficos del autor aIncluye referencias bibliográficas y notas al pie de la páginas aPerteneció a la biblioteca personal de Juan Isidro Jimenes Grullón 0aNovocursov28942590 aBNPD 001050718MOaPDbPDcCTd2011-08-17iLF1l0oxxxx D486Rp33125-10r2020-06-25w2020-06-25y1zPerteneció a la biblioteca personal de Juan Isidro Jimenes -GrullónZNo se presta c32616d32616